Giàu giả nghèo thật /

Bewaard in:
Bibliografische gegevens
Hoofdauteur: Thanh Thủy.
Formaat: Artikel
Taal:Vietnamese
Onderwerpen:
Tags: Voeg label toe
Geen labels, Wees de eerste die dit record labelt!
Thư viện lưu trữ: Thư viện Trường Đại học Đà Lạt
LEADER 00700nam a2200265 4500
001 DLU120141276
005 ##20120924
040 # # |a DLU  |b vie 
041 # # |a vie 
044 # # |a vn 
100 # # |a Thanh Thủy. 
245 # # |a Giàu giả nghèo thật /  |c Thanh Thủy. 
653 # # |a Đô thị hóa 
653 # # |a Thu nhập 
653 # # |a Việc làm 
773 # # |t Gia đình và trẻ em  |g Số 16, 2011, tr. 18-19 
920 # # |a Phòng Tạp chí -- Trung tâm Thông tin - Thư viện Trường Đại học Đà Lạt 
994 # # |a DLU 
900 # # |a True 
911 # # |a Nguyễn Thị Linh Chi 
925 # # |a G 
926 # # |a A 
927 # # |a BB 
980 # # |a Thư viện Trường Đại học Đà Lạt